000 05234nab a2200361 i 4500
003 BR-BrBNA
005 20241216210320.0
008 241216b2017 bl.mr|pooa||| 00| 0 eng |
040 _aBR-BrBNA
_beng
072 _aQ04
_b1580
100 _aVizzotto, Márcia
100 _aPereira, Elisa dos Santos
100 _aVinholes, Juliana Rocha
100 _aMunhoz, Priscila Cardoso
100 _aFerri, Núbia Marilin Lettnin
100 _aCastro, Luis Antonio Suita de
100 _aKrolow, Ana Cristina Richter
245 _aPhysicochemical and antioxidant capacity analysis of colored sweet potato genotypes: in natura and thermally processed
500 _aPublicação on-line; 36 ref.; 3 tables; Sumaries (En, Pt)
520 _a ABSTRACT - Sweet potato (Ipomoea batatas (L.) Lam) is one of the most popular and ancient roots of Brazil and it can be consumed at different forms such as boiled, roasted or as sweets. Its cooking can lead to physicochemical transformations altering the nutritional properties. The objective of this study was to evaluate the physicochemical characteristics, bioactive compounds and antioxidant capacity of twelve sweet potato genotypes of varying pulp color in natura and roasted. Soluble solids, acidity, sugars, carotenoids, anthocyanins, phenolic compounds and antioxidant capacity were analyzed in the following sweet potatoes genotypes: cream pulp (Rubissol, Cuia, ILS03, ILS10, ILS12, ILS24 and ILS44); orange pulp (Amelia and Beauregard); and purple pulp (ILS56, ILS16 and ILS71). According to the results, it was observed a wide variation among the sweet potato genotypes for all analyzed parameters, in both preparation forms. The antioxidant capacity was a parameter with wide variation among genotypes, 210.29 to 7870.57µg trolox equivalent/g in in natura form and 673.26 to 17306.22µg trolox equivalent/g in roasted form. Soluble solids, acidity, sugars and bioactive compounds, with the exception of carotenoids, tended to be concentrated, also increases the total antioxidant capacity, in roasted sweet potatoes. In conclusion, genotype and the color of sweet potatoes were parameters that had an influence on its chemical composition. Cultivars such as Amelia and Beauregard stood out by the amounts of total soluble solids and carotenoids, respectively. The selections ILS 16 and ILS 56 are recommended as sources of anthocyanins. Thermal process influenced the concentration of antioxidant compounds and changed some physicochemical characteristics. Key words: carotenoids, anthocyanins, processing, bioactive compounds, Ipomoea batatas.
520 _a RESUMO - A batata-doce (Ipomoea batatas (L.) Lam) é uma das raízes mais populares e antigas do Brasil, podendo ser consumida cozida, assada ou na forma de doces. A sua cocção pode levar à transformações físico-químicas alterando as propriedades nutricionais. O objetivo deste trabalho foi avaliar as características físico-químicas, compostos bioativos e atividade antioxidante de doze genótipos de batata-doce, de coloração de polpa variada, na forma in natura e assada. Foram determinados sólidos solúveis totais, acidez, açúcares, carotenoides, antocianinas, compostos fenólicos e atividade antioxidante nos seguintes genótipos de batatas-doces: polpa creme (Rubissol, Cuia, ILS03, ILS10, ILS12, ILS24 e ILS44); polpa laranja (Amélia e Beauregard) e polpa roxa (ILS56, ILS16 e ILS71). Quanto aos resultados foi observada ampla variação entre os genótipos de batata-doce, para todos os parâmetros analisados, em ambas as formas de preparo. A atividade antioxidante foi um parâmetro que demonstrou grande variação entre os genótipos, de 210,29 a 7870,57µg de equivalente trolox/g nos genótipos in natura e de 673,26 a 17306,22µg de equivalente trolox/g nos genótipos assados. Foi observado que em batatas-doces assadas os sólidos solúveis, acidez, açúcares e os compostos bioativos, com exceção dos carotenoides, tenderam a ser concentrados, elevando também a atividade antioxidante total. Em conclusão, o genótipo e a coloração da batata-doce foram parâmetros que exerceram influência sob a sua composição química. Cultivares como Amélia e Beauregard se destacaram pela quantidade de sólidos solúveis totais e carotenoides, respectivamente. Como fonte de antocianinas, as seleções ILS 16 e ILS 56 são recomendadas. O processo térmico influenciou a concentração de compostos antioxidantes e alterou algumas características físico-químicas. Palavras-chave: carotenoides, antocianinas, processamento, compostos bioativos, Ipomoea batatas.
650 _aBATATA DOCE
650 _aPROPRIEDADE FÍSICO-QUÍMICA
650 _aPROCESSAMENTO
650 _aCOMPOSTO BIOATIVO
650 _aGENÓTIPO
650 _aCAROTENÓIDE
650 _aANTOCIANINA
773 0 _02408
_9346530
_dSanta Maria-RS Universidade Federal de Santa Maria - Centro de Ciências Rurais 1991
_o2024-7201
_tCiência Rural (Brazil)
_x0103-8478 Versão online ISSN 1678-4596
_gv. 47(4) p. 1-8; (2017)
_wBR2024004072
856 _uhttps://www.scielo.br/j/cr/a/BLf56BNnFbvdVsXLtmyC9ZH/?format=pdf&lang=en
942 _cANA
999 _c329292
_d329292